000 00808ngm a2200253 a 4500
005 20220317001343.0
008 161108s9999 sp g 000 0 spa
082 0 4 _a388.342
_bD32t
110 2 _aDidaco
_973262
245 1 4 _aLos trenes ; Los coches
_cDidaco, Tessloff
_hvideodisco digital
250 _a1a. edición
300 _a1 DVD (24 minutos)
_bsonido, color, digital
_c12 cm
490 _aDescubrir cómo y por qué
650 1 4 _2LEMB
_aAutomoviles
_vVideodiscos
650 1 4 _2LEMB
_aTrenes
_vVideodiscos
650 1 4 _2LEMB
_aTransporte
_vVideodiscos
710 _aTessloff
_973266
942 _2ddc
_cDVD
264 _aBarcelona
_bDidaco
336 _atexto
_btxt
_2rdacontent
337 _asin mediación
_bn
_2rdamedia
338 _avolumen
_bnc
_2rdacarrier
040 _aCO-BoRNBP
_bspa
_erda
_cCO-BoRNBP
999 _c6704
_d6704